Canadian Brand Logos! #1 - Statistics

General Stats
  • This quiz has been taken 73 times
  • The average score is 12 of 24
Answer Stats
Picture Answer % Correct
Tim Hortons
76%
Air Canada
75%
Lululemon
71%
Canada Dry
69%
NHL
64%
Blackberry
63%
Raptors
61%
Montreal Canadiens
54%
Canadian Tire
53%
Westjet
53%
IMAX
49%
Circle K
47%
Dollarama
47%
TD Bank
47%
TSN
46%
CBC
44%
RBC
44%
ALDO
42%
Flickr
41%
Bombardier
37%
Zellers
32%
BBM
29%
Powerbar
27%
Cirque Du Soleil
24%
No matching quizzes found
Score Distribution
Percent of People with Each Score
Percentile by Number Answered
Your Score History
You have not taken this quiz